| 000 | 01134cam a2200217 4500 | ||
|---|---|---|---|
| 001 | L128914 | ||
| 008 | 050228n2004 000 0 eng u | ||
| 020 | _a190320836X | ||
| 035 | _a(Sirsi) u128914 | ||
| 041 | _aeng | ||
| 050 |
_a306.1 _c18 |
||
| 100 | _aKemp, Peter A. | ||
| 245 | _aPrivate renting in transition | ||
| 260 |
_aCoventry _bChartered Institute of Housing _c2004 |
||
| 300 |
_av,202p _c24cm. |
||
| 350 | _a20 | ||
| 520 | _aProvides an analysis and overview of the privately rented housing market in Britain from the 19th century to date. Part I describes the historical development of private renting from the late Victorian period to private renting under New Labour. Part II focuses on crucial aspects of the privately rented housing sector today including the stock of dwellings, landlords, private tenants, access to accommodation, affordability and housing benefits and landlord-tenant relations. Concludes with a retrospective overview and a discussion of the sector's future. References. | ||
| 590 | _aIKA150405 | ||
| 690 | _aPROPERTY-RESIDENTIAL PROPERTY-RESIDENTIAL LANDLORD AND TENANT | ||
| 942 | _n0 | ||
| 999 |
_c104035 _d104035 |
||